Vanja

-д хадгалсан:
Номзүйн дэлгэрэнгүй
Үндсэн зохиолч: Kuzmin Michail
Формат: Ном
Хэл сонгох:Тодорхойгүй
Хэвлэсэн: Roma E/O 1993
Шошгууд: Шошго нэмэх
Шошго байхгүй, Энэхүү баримтыг шошголох эхний хүн болох!

MARC

LEADER 00000nam a2200000Ia 4500
001 493
003 NUMERAZIONE-ORIGINALE-BRESCIA
005 20260206230753.0
008 260206s9999 xx 000 0 und d
100 |a Kuzmin Michail 
245 0 |a Vanja 
260 |a Roma 
260 |b E/O 
260 |c 1993 
500 |a Tascabili 
500 |a Un educazione omosessuale 
942 |2 ddc  |c BK  |n 0 
952 |0 0  |1 0  |2 ddc  |4 0  |6 13  |7 0  |9 28620  |a BS  |b BS  |d 2026-02-06  |i 493  |l 0  |o 1-3-*  |r 2026-02-06 22:40:39  |w 2026-02-06  |x [REVISIONARE]  |y BK 
999 |c 24278  |d 24278